<?xml version="1.0" encoding="UTF-8"?>
<record
    xmlns:xsi="http://www.w3.org/2001/XMLSchema-instance"
    xsi:schemaLocation="http://www.loc.gov/MARC21/slim http://www.loc.gov/standards/marcxml/schema/MARC21slim.xsd"
    xmlns="http://www.loc.gov/MARC21/slim">

  <leader>01068cam a2200313 i 4500</leader>
  <controlfield tag="001">0008092864</controlfield>
  <controlfield tag="003">OSt</controlfield>
  <controlfield tag="005">20260423090009.0</controlfield>
  <controlfield tag="007">t</controlfield>
  <controlfield tag="008">260417m20269999quca          000 f fre  </controlfield>
  <controlfield tag="009">1</controlfield>
  <datafield tag="020" ind1=" " ind2=" ">
    <subfield code="a">9782897545062</subfield>
    <subfield code="q">(vol. 1)</subfield>
  </datafield>
  <datafield tag="035" ind1=" " ind2=" ">
    <subfield code="a">(OCoLC)1559672456</subfield>
  </datafield>
  <datafield tag="035" ind1=" " ind2=" ">
    <subfield code="a">(BAnQ)0008092864</subfield>
  </datafield>
  <datafield tag="040" ind1=" " ind2=" ">
    <subfield code="a">QMBN</subfield>
    <subfield code="b">fre</subfield>
    <subfield code="e">rda</subfield>
    <subfield code="c">QMBN</subfield>
    <subfield code="d">SQTD</subfield>
  </datafield>
  <datafield tag="050" ind1=" " ind2="4">
    <subfield code="a">PQ2716*</subfield>
  </datafield>
  <datafield tag="082" ind1="0" ind2="4">
    <subfield code="a">PFE</subfield>
  </datafield>
  <datafield tag="082" ind1="0" ind2="4">
    <subfield code="a">843/.92 P527f</subfield>
    <subfield code="2">23/fre/202604</subfield>
  </datafield>
  <datafield tag="100" ind1="1" ind2=" ">
    <subfield code="a">Pfeiffer, Nell</subfield>
    <subfield code="e">auteur</subfield>
    <subfield code="9">1467432a</subfield>
    <subfield code="8">1465746a</subfield>
  </datafield>
  <datafield tag="245" ind1="1" ind2="3">
    <subfield code="a">Le fracas des envol&#xE9;es /</subfield>
    <subfield code="c">Nell Pfeiffer ; illustrations : Camille Fourcade et Victoria Alessandri, certifi&#xE9; sans intelligence artificielle</subfield>
  </datafield>
  <datafield tag="300" ind1=" " ind2=" ">
    <subfield code="a">volumes :</subfield>
    <subfield code="b">illustrations ;</subfield>
    <subfield code="c">23 cm</subfield>
  </datafield>
  <datafield tag="500" ind1=" " ind2=" ">
    <subfield code="a">L'ouvrage complet comprendra deux volumes</subfield>
  </datafield>
  <datafield tag="505" ind1="1" ind2="0">
    <subfield code="a">gI.</subfield>
    <subfield code="t">Le brise-temp&#xEA;te</subfield>
  </datafield>
  <datafield tag="521" ind1=" " ind2=" ">
    <subfield code="a">Pour les jeunes de 15 ans et plus</subfield>
  </datafield>
  <datafield tag="740" ind1="0" ind2="2">
    <subfield code="a">Brise-temp&#xEA;te</subfield>
  </datafield>
  <datafield tag="775" ind1="0" ind2="8">
    <subfield code="i">&#xC9;quivalent de (manifestation) :</subfield>
    <subfield code="a">Pfeiffer, Nell</subfield>
    <subfield code="t">Fracas des envol&#xE9;es</subfield>
    <subfield code="d">Paris : Gulf stream &#xE9;diteur, 2026</subfield>
    <subfield code="z">9782383495536</subfield>
  </datafield>
  <datafield tag="908" ind1=" " ind2=" ">
    <subfield code="a">pa</subfield>
  </datafield>
  <datafield tag="942" ind1=" " ind2=" ">
    <subfield code="2">ddc</subfield>
    <subfield code="c">BK</subfield>
  </datafield>
  <datafield tag="999" ind1=" " ind2=" ">
    <subfield code="c">43613</subfield>
    <subfield code="d">43613</subfield>
  </datafield>
  <datafield tag="952" ind1=" " ind2=" ">
    <subfield code="0">0</subfield>
    <subfield code="1">0</subfield>
    <subfield code="2">ddc</subfield>
    <subfield code="4">0</subfield>
    <subfield code="7">0</subfield>
    <subfield code="a">MAIN</subfield>
    <subfield code="b">MAIN</subfield>
    <subfield code="d">2026-04-23</subfield>
    <subfield code="l">0</subfield>
    <subfield code="o">PFE</subfield>
    <subfield code="p">209026</subfield>
    <subfield code="r">2026-04-23 10:56:41</subfield>
    <subfield code="w">2026-04-23</subfield>
    <subfield code="y">BK</subfield>
  </datafield>
</record>
